00541nam a2200157Ia 4500003000400000008004100004040001600045082001900061100005300080245008500133700005200218260005700270490000500327650001900332650003200351GCL140319s9999 xx 000 0 ara d aGCL / cGCL04aطb239bا س1 aابن هشام ابى محمد عبدالملك10aالسيرة النبوية / cابن هشام ابى محمد عبدالملك1 aابن هشام، ابومحمد عبدالله a[S.N] : bمطبعة الانوار المحمدية a04aالاسلام04aالسيرة النبوية